| 000 | 00000nam 2200000za 4500 |
| 001 | 9.842848 |
| 003 | CaOODSP |
| 005 | 20221107152417 |
| 007 | cr ||||||||||| |
| 008 | 170831s2017 oncd #o f000 0 fre d |
| 020 | |a978-0-660-09468-7 |
| 040 | |aCaOODSP|bfre |
| 043 | |an-cn--- |
| 086 | 1 |aFA1-26/2017-1-4F-PDF |
| 110 | 1 |aCanada. |bBureau du vérificateur général. |
| 245 | 10|aProgrès réalisés par les ministères et organismes dans la mise en œuvre des stratégies de développement durable |h[ressource électronique] : |brapport de l'auditeur indépendant. |
| 246 | 17|aRapports de la commissaire à l’environnement et au développement durable au Parlement du Canada - automne 2017 : |brapport 4 |
| 260 | |a[Ottawa] : |bBureau du vérificateur général du Canada, |cc2017. |
| 300 | |aiii, 36 p. : |bgraphiques |
| 490 | 1 |aRapports de la commissaire à l'environnement et au développement durable au Parlement du Canada, |x2561-1828 ; |vAutomne 2017, rapport 4 |
| 500 | |aPubl. aussi en anglais sous le titre : Departmental progress in implementing sustainable development strategies : independent auditor's report. |
| 520 | |a« L’audit visait à déterminer si les ministères et organismes que nous avons examinés avaient adéquatement appliqué la Directive du Cabinet sur l’évaluation environnementale des projets de politiques, de plans et de programmes; s’ils avaient fait rapport sur l’étendue et les résultats de leurs pratiques d’évaluation environnementale stratégique; et s’ils avaient respecté leur engagement de renforcer ces pratiques. » -- Objet de l'audit, p. 4. |
| 530 | |aÉgalement publié en version imprimée. |
| 692 | 07|2gccst|aGouvernement fédéral |
| 692 | 07|2gccst|aDéveloppement durable |
| 692 | 07|2gccst|aRapport |
| 710 | 1 |aCanada. |bCommissaire à l'environnement et au développement durable. |
| 775 | 08|tDepartmental progress in implementing sustainable development strategies |w(CaOODSP)9.842808 |
| 776 | 0#|tProgrès réalisés par les ministères et organismes dans la mise en œuvre des stratégies de développement durable |w(CaOODSP)9.842901 |
| 830 | #0|aRapports de la commissaire à l'environnement et au développement durable au Parlement du Canada,|x2561-1828 ; |vAutomne 2017, rapport 4.|w(CaOODSP)9.842752 |
| 856 | 40|qPDF|s570 Ko|uhttps://publications.gc.ca/collections/collection_2017/bvg-oag/FA1-26-2017-1-4-fra.pdf |